000 00298nam a22001337a 4500
008 171017b xxu||||| |||| 00| 0 eng d
020 _a9780072961447
041 _aeng
080 _28TH
_a338
100 _a53
101 _aMEN
245 _aNEW PRODUCTS MANAGEMENT
_cCRAWFORD,M
942 _2udc
_cBK
999 _c34508
_d34508